Places in the Cotswolds - Statistics

General Stats
  • This quiz has been taken 33 times
  • The average score is 5 of 12
Answer Stats
Answer % Correct
Cheltenham
81%
Cirencester
81%
Gloucester
74%
Oxford
74%
Bath
68%
Bristol
42%
Stroud
42%
Tetbury
32%
Malmesbury
19%
Yate
16%
Dursley
13%
Wotton- Under- Edge
6%
No matching quizzes found
Score Distribution
Percent of People with Each Score
Percentile by Number Answered
Your Score History
You have not taken this quiz